Acao de uma solucao injetavel contendo acido 3-piridinocarboxilico e sal calcico de n-(2,4)diidroxi-3,3-dimetil-1-oxobutil)-beta-alamina no tratamento sintomatico da febre aftosa em bovinos e suinos [Bos taurus; Sus domesticus] (Registro n. 106609)
[ somente texto ]
| 000 -LÍDER | |
|---|---|
| campo de controle de tamanho fixo | 01258nas a2200289 4500 |
| 001 - NÚMERO DE CONTROLE | |
| campo de controle | BR8102396 |
| 003 - IDENTIFICADOR DO NÚMERO DE CONTROLE | |
| campo de controle | BR-BrBNA |
| 005 - DATA E HORÁRIO DA ÚLTIMA TRANSAÇÃO | |
| campo de controle | 20231205084656.0 |
| 007 - CAMPO FIXO DE DESCRIÇÃO FÍSICA--INFORMAÇÃO GERAL | |
| campo de controle de tamanho fixo | ta |
| 008 - CAMPO DE DADOS FIXOS--INFORMAÇÃO GERAL | |
| campo de controle de tamanho fixo | 230509b bl.|||p| |||| 00| 00por d |
| 040 ## - FONTE DA CATALOGAÇÃO | |
| Instituição da catalogação original | BR-BrBNA |
| Idioma da catalogação | por |
| Instituição que transcreveu o registro | Biblioteca Nacional de Agricultura |
| 041 ## - CÓDIGO DE IDIOMA | |
| Código do idioma do texto/trilha sonora ou título diferente | (Pt) |
| 072 ## - CÓDIGO DE CATEGORIA DE ASSUNTO | |
| Código de Categoria de Assunto | L73 |
| 100 1# - ENTRADA PRINCIPAL--NOME PESSOAL | |
| Nome pessoal | Pustiglione Netto, L. |
| 100 1# - ENTRADA PRINCIPAL--NOME PESSOAL | |
| Nome pessoal | Yida, O. |
| 111 1# - ENTRADA PRINCIPAL--NOME DO EVENTO | |
| Nome do evento ou lugar | 16. Congresso Brasileiro de Medicina Veterinaria |
| Local do evento | Salvador, BA (Brazil) |
| Data do evento ou assinatura do tratado | Oct 1978 |
| 245 1# - TÍTULO | |
| Título | Acao de uma solucao injetavel contendo acido 3-piridinocarboxilico e sal calcico de n-(2,4)diidroxi-3,3-dimetil-1-oxobutil)-beta-alamina no tratamento sintomatico da febre aftosa em bovinos e suinos [Bos taurus; Sus domesticus] |
| 246 1# - FORMA VARIANTE DO TÍTULO | |
| Título/título abreviado | The action of an injectable solution of acid 3-pyridine-carboxilicum and calcium salt of n-(2,4 diidroxy-3,3-dimetyl-1-oxobutyl)-beta-alamine in the sintomatic treatment of foot-and-mouth disease in catle and swine [Bos taurus; Sus domesticus] |
| 650 ## - ASSUNTO--TERMO TÓPICO | |
| Cabeçalho tópico ou nome geográfico | Doenca animal |
| 650 ## - ASSUNTO--TERMO TÓPICO | |
| Cabeçalho tópico ou nome geográfico | Bovino |
| 650 ## - ASSUNTO--TERMO TÓPICO | |
| Cabeçalho tópico ou nome geográfico | SUÍNO |
| 650 ## - ASSUNTO--TERMO TÓPICO | |
| Cabeçalho tópico ou nome geográfico | Aftosa |
| 650 ## - ASSUNTO--TERMO TÓPICO | |
| Cabeçalho tópico ou nome geográfico | Sintoma |
| 773 0# - ENTRADA ANALÍTICA | |
| Título | Biologico (Brazil) |
| ISSN - International Standard Serial Number | ISSN 0366-0567 |
| Partes relacionadas | (Jan 1981), v. 47(1) p. 17-20 |
| Número de controle do registro | BR8102396 |
| 909 ## - | |
| -- | 202311 |
| -- | Lúcia |
| -- | 55 |
| -- | Lúcia Elande |
| 942 ## - ELEMENTOS DE ENTRADA ADICIONADOS (KOHA) | |
| Fonte da classificação ou esquema de arquivamento na estante | Classificação AGRIS |
| Ocultar no OPAC | Não |
| Tipo de material Koha | Analítica |
| Situação do descarte | Fonte da classificação ou esquema de arquivamento na estante | Situação física | Não pode ser emprestado | Biblioteca de origem | Biblioteca atual | Localização na estante | Enumeração do periódico / cronologia | Total de empréstimos | Data de último acesso | Número do exemplar | Tipo de material Koha | Fonte de aquisição |
|---|---|---|---|---|---|---|---|---|---|---|---|---|
| Classificação AGRIS | Consulta local | Biblioteca Nacional de Agricultura - Binagri | Biblioteca Nacional de Agricultura - Binagri | (Jan 1981), v. 47(1) p. 17-20 | 29/11/2023 | 01 | Periódicos | Portaria Interministerial nº 164/94 |

BINAGRI